Cyclisme : Champion du Monde de route - Statistiques

Statistiques générales
  • Ce quiz a été pris 161 fois
  • Le résultat moyen est 26 sur 92
Statistiques - réponses
Année Vainqueur % Correct
2025 Tadej Pogačar
99%
2024 Tadej Pogačar
99%
2021 Julian Alaphilippe
94%
2020 Julian Alaphilippe
94%
2023 Mathieu van der Poel
93%
2022 Remco Evenepoel
88%
2017 Peter Sagan
87%
2016 Peter Sagan
87%
2015 Peter Sagan
87%
1974 Eddy Merckx
83%
1971 Eddy Merckx
83%
1967 Eddy Merckx
83%
2019 Mads Pedersen
76%
2018 Alejandro Valverde
72%
1980 Bernard Hinault
66%
2011 Mark Cavendish
59%
2012 Philippe Gilbert
53%
2013 Rui Costa
48%
2009 Cadel Evans
47%
1993 Lance Armstrong
43%
2014 Michał Kwiatkowski
42%
2005 Tom Boonen
42%
1953 Fausto Coppi
37%
1989 Greg LeMond
34%
1983 Greg LeMond
34%
1997 Laurent Brochard
34%
2004 Óscar Freire
32%
2001 Óscar Freire
32%
1999 Óscar Freire
32%
2007 Paolo Bettini
31%
2006 Paolo Bettini
31%
2002 Mario Cipollini
27%
2010 Thor Hushovd
26%
1954 Louison Bobet
25%
1994 Luc Leblanc
24%
2008 Alessandro Ballan
22%
1995 Abraham Olano
21%
1961 Rik Van Looy
21%
1960 Rik Van Looy
21%
1987 Stephen Roche
21%
1992 Gianni Bugno
20%
1991 Gianni Bugno
20%
1973 Felice Gimondi
18%
1996 Johan Museeuw
18%
1985 Joop Zoetemelk
18%
1981 Freddy Maertens
17%
1976 Freddy Maertens
17%
1932 Alfredo Binda
15%
1930 Alfredo Binda
15%
1927 Alfredo Binda
15%
1977 Francesco Moser
15%
2000 Romāns Vainšteins
15%
1959 André Darrigade
14%
1936 Antonin Magne
14%
2003 Igor Astarloa
14%
1962 Jean Stablinski
13%
1986 Moreno Argentin
13%
1998 Oscar Camenzind
13%
1951 Ferdi Kübler
11%
1979 Jan Raas
11%
1988 Maurizio Fondriest
11%
1957 Rik Van Steenbergen
11%
1956 Rik Van Steenbergen
11%
1949 Rik Van Steenbergen
11%
1982 Giuseppe Saronni
10%
1975 Hennie Kuiper
10%
1964 Jan Janssen
10%
1965 Tom Simpson
10%
1990 Rudy Dhaenens
9%
1984 Claude Criquielion
8%
1933 Georges Speicher
8%
1931 Learco Guerra
8%
1972 Marino Basso
8%
1966 Rudi Altig
8%
1929 Georges Ronsse
7%
1928 Georges Ronsse
7%
1970 Jean-Pierre Monseré
7%
1978 Gerrie Knetemann
4%
1938 Marcel Kint
4%
1955 Stan Ockers
4%
1950 Albéric Schotte
3%
1948 Albéric Schotte
3%
1963 Benoni Beheyt
3%
1934 Karel Kaers
3%
1937 Éloi Meulenberg
2%
1958 Ercole Baldini
2%
1969 Harm Ottenbros
2%
1952 Heinz Müller
2%
1935 Jean Aerts
2%
1946 Hans Knecht
1%
1947 Theo Middelkamp
1%
1968 Vittorio Adorni
1%
Aucun quiz correspondant
Distribution des résultats
% des personnes avec chaque résultat
Percentile par nombre de réponses
Votre historique - résultats
Vous n’avez pas pris ce quiz